[Event "Grand Swiss "]
[Date "2025.09.15"]
[White "Svane, Frederik"]
[Black "Kuzubov, Yuriy"]
[WhiteElo "2643"]
[BlackElo "2600"]
[Round "11.11.41"]
[Result "1-0"]

1. e4 {[%clk 01:40:56] [%emt 00:00:03]} c5 {[%clk 01:40:54] [%emt 00:00:05]} 2.
Nf3 {[%clk 01:41:22] [%emt 00:00:04]} Nc6 {[%clk 01:41:17] [%emt 00:00:07]} 3.
Nc3 {[%clk 01:41:48] [%emt 00:00:05]} Nf6 {[%clk 01:40:34] [%emt 00:01:13]} 4.
Bb5 {[%clk 01:42:07] [%emt 00:00:12]} Qc7 {[%clk 01:40:20] [%emt 00:00:43]} 5.
d3 {[%clk 01:42:22] [%emt 00:00:15]} e6 {[%clk 01:29:02] [%emt 00:11:48]} 6.
Bxc6 {[%clk 01:41:14] [%emt 00:01:39]} Qxc6 {[%clk 01:28:10] [%emt 00:01:21]} 7.
e5 {[%clk 01:41:41] [%emt 00:00:04]} Ng8 {[%clk 01:19:22] [%emt 00:09:18]} 8. a4
{[%clk 01:42:07] [%emt 00:00:05]} d5 {[%clk 01:15:46] [%emt 00:04:05]} 9. O-O
{[%clk 01:35:10] [%emt 00:07:27]} b6 {[%clk 01:10:03] [%emt 00:06:12]} 10. Re1
{[%clk 01:29:59] [%emt 00:05:41]} Ne7 {[%clk 01:05:14] [%emt 00:05:18]} 11. h4
{[%clk 01:27:20] [%emt 00:03:10]} Qd7 {[%clk 00:59:17] [%emt 00:06:26]} 12. h5
{[%clk 01:11:20] [%emt 00:16:31]} h6 {[%clk 00:58:34] [%emt 00:01:13]} 13. a5
{[%clk 01:11:47] [%emt 00:00:04]} Bb7 {[%clk 00:48:45] [%emt 00:10:18]} 14. d4
{[%clk 01:06:50] [%emt 00:05:27]} Nf5 {[%clk 00:46:41] [%emt 00:02:34]} 15. Ne2
{[%clk 00:53:54] [%emt 00:13:27]} Be7 {[%clk 00:33:09] [%emt 00:14:01]} 16. Qd3
{[%clk 00:30:28] [%emt 00:23:56]} O-O {[%clk 00:23:51] [%emt 00:09:47]} 17. Bf4
{[%clk 00:30:11] [%emt 00:00:48]} Bc6 {[%clk 00:21:20] [%emt 00:03:01]} 18. Qd2
{[%clk 00:30:00] [%emt 00:00:43]} Bb5 {[%clk 00:17:46] [%emt 00:04:03]} 19. c3
{[%clk 00:29:43] [%emt 00:00:47]} Bc4 {[%clk 00:16:52] [%emt 00:01:23]} 20. Ng3
{[%clk 00:28:01] [%emt 00:02:12]} Nxg3 {[%clk 00:16:38] [%emt 00:00:43]} 21.
fxg3 {[%clk 00:28:26] [%emt 00:00:06]} bxa5 {[%clk 00:15:20] [%emt 00:01:48]}
22. Rxa5 {[%clk 00:26:41] [%emt 00:02:15]} cxd4 {[%clk 00:10:45] [%emt
00:05:05]} 23. Nxd4 {[%clk 00:26:40] [%emt 00:00:31]} Rfb8 {[%clk 00:10:43]
[%emt 00:00:31]} 24. g4 {[%clk 00:20:43] [%emt 00:06:28]} Bd8 {[%clk 00:03:17]
[%emt 00:07:55]} 25. Ra3 {[%clk 00:19:30] [%emt 00:01:44]} a5 {[%clk 00:03:38]
[%emt 00:00:09]} 26. Rea1 {[%clk 00:09:32] [%emt 00:10:28]} a4 {[%clk 00:03:21]
[%emt 00:00:46]} 27. Qc2 {[%clk 00:04:48] [%emt 00:05:15]} Bb6 {[%clk 00:02:03]
[%emt 00:01:48]} 28. Rxa4 {[%clk 00:02:30] [%emt 00:02:48]} Rxa4 {[%clk
00:02:21] [%emt 00:00:12]} 29. Qxa4 {[%clk 00:02:57] [%emt 00:00:03]} Qxa4
{[%clk 00:02:09] [%emt 00:00:41]} 30. Rxa4 {[%clk 00:03:24] [%emt 00:00:03]}
Bxd4+ {[%clk 00:02:25] [%emt 00:00:14]} 31. cxd4 {[%clk 00:03:52] [%emt
00:00:02]} Be2 {[%clk 00:02:09] [%emt 00:00:45]} 32. g5 {[%clk 00:03:42] [%emt
00:00:41]} hxg5 {[%clk 00:00:51] [%emt 00:01:48]} 33. Bxg5 {[%clk 00:04:09]
[%emt 00:00:03]} Bxh5 {[%clk 00:00:56] [%emt 00:00:25]} 34. b4 {[%clk 00:04:35]
[%emt 00:00:05]} Be2 {[%clk 00:01:04] [%emt 00:00:21]} 35. Be7 {[%clk 00:04:47]
[%emt 00:00:19]} Kh7 {[%clk 00:01:06] [%emt 00:00:28]} 36. Ra3 {[%clk 00:04:05]
[%emt 00:01:12]} Rc8 {[%clk 00:00:42] [%emt 00:00:54]} 37. Bc5 {[%clk 00:03:55]
[%emt 00:00:41]} Bc4 {[%clk 00:00:36] [%emt 00:00:35]} 38. Ra7 {[%clk 00:02:03]
[%emt 00:02:22]} Kg6 {[%clk 00:00:50] [%emt 00:00:16]} 39. Rb7 {[%clk 00:02:08]
[%emt 00:00:26]} Ra8 {[%clk 00:00:43] [%emt 00:00:37]} 40. b5 {[%clk 00:01:41]
[%emt 00:00:56]} Ra2 {[%clk 00:00:39] [%emt 00:00:34]} 41. b6 {[%clk 00:01:57]
[%emt 00:00:15]} Rb2 {[%clk 00:00:35] [%emt 00:00:33]} 42. Ra7 {[%clk 00:45:54]
[%emt 00:06:33]} Bb5 {[%clk 00:50:08] [%emt 00:00:57]} 43. Ra8 {[%clk 00:37:21]
[%emt 00:09:01]} Bc6 {[%clk 00:46:24] [%emt 00:04:16]} 44. Rg8 {[%clk 00:37:40]
[%emt 00:00:09]} f6 {[%clk 00:42:46] [%emt 00:04:10]} 45. exf6 {[%clk 00:35:48]
[%emt 00:02:22]} Kxf6 {[%clk 00:43:11] [%emt 00:00:06]} 46. Rf8+ {[%clk
00:34:25] [%emt 00:01:53]} Kg6 {[%clk 00:43:19] [%emt 00:00:21]} 47. Rc8 {[%clk
00:27:43] [%emt 00:07:12]} Bb7 {[%clk 00:43:22] [%emt 00:00:27]} 48. Re8 {[%clk
00:24:18] [%emt 00:03:55]} Kf6 {[%clk 00:43:25] [%emt 00:00:27]} 49. Rf8+ {[%clk
00:24:46] [%emt 00:00:03]} Kg6 {[%clk 00:43:44] [%emt 00:00:10]} 50. Re8 {[%clk
00:20:30] [%emt 00:04:46]} Kf6 {[%clk 00:43:58] [%emt 00:00:16]} 51. Rf8+ {[%clk
00:20:56] [%emt 00:00:05]} Kg6 {[%clk 00:43:36] [%emt 00:00:52]} 52. Kh2 {[%clk
00:21:23] [%emt 00:00:04]} Rb5 {[%clk 00:41:33] [%emt 00:02:32]} 53. Re8 {[%clk
00:17:14] [%emt 00:04:39]} Kf6 {[%clk 00:41:24] [%emt 00:00:39]} 54. Rf8+ {[%clk
00:17:23] [%emt 00:00:22]} Kg6 {[%clk 00:41:50] [%emt 00:00:04]} 55. Rb8 {[%clk
00:15:38] [%emt 00:02:15]} Ba6 {[%clk 00:41:49] [%emt 00:00:32]} 56. Ra8 {[%clk
00:12:33] [%emt 00:03:35]} Bb7 {[%clk 00:42:14] [%emt 00:00:04]} 57. Ra7 {[%clk
00:12:58] [%emt 00:00:05]} Bc8 {[%clk 00:41:44] [%emt 00:00:59]} 58. Rc7 {[%clk
00:09:32] [%emt 00:03:57]} Ba6 {[%clk 00:42:09] [%emt 00:00:05]} 59. Ra7 {[%clk
00:09:42] [%emt 00:00:19]} Bc8 {[%clk 00:42:35] [%emt 00:00:04]} 60. g4 {[%clk
00:07:55] [%emt 00:02:18]} Rb3 {[%clk 00:34:51] [%emt 00:08:14]} 61. Kg2 {[%clk
00:06:11] [%emt 00:02:14]} Kf6 {[%clk 00:31:25] [%emt 00:03:55]} 62. Be7+ {[%clk
00:06:13] [%emt 00:00:28]} Kg6 {[%clk 00:31:40] [%emt 00:00:15]} 63. Bc5 {[%clk
00:05:49] [%emt 00:00:54]} Kf6 {[%clk 00:32:06] [%emt 00:00:05]} 64. Bd6 {[%clk
00:11:03] [%emt 00:10:11]} Rxb6 {[%clk 00:06:07] [%emt 00:41:33]} 65. Be5+
{[%clk 00:11:30] [%emt 00:00:03]} Kg6 {[%clk 00:06:30] [%emt 00:00:07]} 66.
Rxg7+ {[%clk 00:11:56] [%emt 00:00:04]} Kh6 {[%clk 00:06:44] [%emt 00:00:16]}
67. g5+ {[%clk 00:09:43] [%emt 00:02:43]} Kh5 {[%clk 00:07:12] [%emt 00:00:02]}
68. g6 {[%clk 00:10:09] [%emt 00:00:04]} Ba6 {[%clk 00:05:40] [%emt 00:02:01]}
69. Rg8 {[%clk 00:09:31] [%emt 00:01:09]} Rb2+ {[%clk 00:04:09] [%emt 00:02:01]}
70. Kg3 {[%clk 00:09:53] [%emt 00:00:07]} Rb3+ {[%clk 00:03:46] [%emt 00:00:53]}
71. Kf4 {[%clk 00:04:55] [%emt 00:05:20]} Be2 {[%clk 00:03:48] [%emt 00:00:37]}
72. Bf6 {[%clk 00:05:13] [%emt 00:00:05]} Kh6 {[%clk 00:00:34] [%emt 00:03:52]}
*

[Site "Europe Echecs"]

[Event "Grand Swiss "]
[Date "2025.09.15"]
[White "Hovhannisyan, Robert"]
[Black "Gumularz, Szymon"]
[WhiteElo "2629"]
[BlackElo "2590"]
[Round "11.11.43"]
[Result "1-0"]

1. e4 {[%clk 01:40:57] [%emt 00:00:03]} e6 {[%clk 01:40:53] [%emt 00:00:08]} 2.
d4 {[%clk 01:41:21] [%emt 00:00:06]} d5 {[%clk 01:41:18] [%emt 00:00:05]} 3. Nc3
{[%clk 01:41:39] [%emt 00:00:10]} Nf6 {[%clk 01:41:42] [%emt 00:00:07]} 4. e5
{[%clk 01:41:47] [%emt 00:00:23]} Nfd7 {[%clk 01:42:04] [%emt 00:00:06]} 5. f4
{[%clk 01:42:12] [%emt 00:00:06]} c5 {[%clk 01:42:29] [%emt 00:00:05]} 6. Nf3
{[%clk 01:42:36] [%emt 00:00:06]} Nc6 {[%clk 01:42:54] [%emt 00:00:05]} 7. Be3
{[%clk 01:42:59] [%emt 00:00:06]} Qc7 {[%clk 01:42:21] [%emt 00:01:04]} 8. Qd2
{[%clk 01:35:36] [%emt 00:07:53]} a6 {[%clk 01:42:39] [%emt 00:00:12]} 9. Be2
{[%clk 01:31:54] [%emt 00:04:12]} b5 {[%clk 01:40:34] [%emt 00:02:35]} 10. O-O
{[%clk 01:29:22] [%emt 00:03:01]} cxd4 {[%clk 01:15:18] [%emt 00:25:46]} 11.
Nxd4 {[%clk 01:29:37] [%emt 00:00:15]} Nxd4 {[%clk 01:15:07] [%emt 00:00:42]}
12. Bxd4 {[%clk 01:28:54] [%emt 00:01:13]} Bc5 {[%clk 01:15:31] [%emt 00:00:05]}
13. b4 {[%clk 01:22:20] [%emt 00:07:03]} Bxd4+ {[%clk 01:05:28] [%emt 00:10:34]}
14. Qxd4 {[%clk 01:22:32] [%emt 00:00:18]} Qb6 {[%clk 01:03:49] [%emt 00:02:09]}
15. Qxb6 {[%clk 01:18:03] [%emt 00:04:59]} Nxb6 {[%clk 01:04:13] [%emt
00:00:06]} 16. a4 {[%clk 01:10:05] [%emt 00:08:28]} d4 {[%clk 00:53:35] [%emt
00:11:07]} 17. a5 {[%clk 01:06:25] [%emt 00:04:10]} Nc4 {[%clk 00:52:06] [%emt
00:01:59]} 18. Ne4 {[%clk 00:57:10] [%emt 00:09:44]} Ne3 {[%clk 00:50:59] [%emt
00:01:38]} 19. Rfc1 {[%clk 00:52:38] [%emt 00:05:03]} Ke7 {[%clk 00:50:30] [%emt
00:00:59]} 20. c3 {[%clk 00:49:59] [%emt 00:03:09]} Bb7 {[%clk 00:49:46] [%emt
00:01:14]} 21. Nd6 {[%clk 00:47:49] [%emt 00:02:40]} d3 {[%clk 00:34:00] [%emt
00:16:16]} 22. Bxd3 {[%clk 00:39:55] [%emt 00:08:24]} Bxg2 {[%clk 00:33:50]
[%emt 00:00:40]} 23. c4 {[%clk 00:37:48] [%emt 00:02:37]} bxc4 {[%clk 00:23:17]
[%emt 00:11:03]} 24. Nxc4 {[%clk 00:37:02] [%emt 00:01:16]} Nxc4 {[%clk
00:23:06] [%emt 00:00:40]} 25. Rxc4 {[%clk 00:37:23] [%emt 00:00:10]} Rhd8
{[%clk 00:23:21] [%emt 00:00:15]} 26. Rc7+ {[%clk 00:37:12] [%emt 00:00:40]} Kf8
{[%clk 00:23:47] [%emt 00:00:04]} 27. Bxa6 {[%clk 00:36:56] [%emt 00:00:47]} Rd2
{[%clk 00:22:15] [%emt 00:02:01]} 28. Rac1 {[%clk 00:33:18] [%emt 00:04:09]} g5
{[%clk 00:12:31] [%emt 00:10:14]} 29. R1c2 {[%clk 00:31:21] [%emt 00:02:27]}
Rad8 {[%clk 00:12:16] [%emt 00:00:44]} 30. Rxd2 {[%clk 00:31:19] [%emt
00:00:32]} Rxd2 {[%clk 00:12:42] [%emt 00:00:04]} 31. Bb7 {[%clk 00:27:02] [%emt
00:04:47]} 1-0

[Site "Europe Echecs"]

[Event "Grand Swiss "]
[Date "2025.09.15"]
[White "Korobov, Anton"]
[Black "Deac, Bogdan-Daniel"]
[WhiteElo "2616"]
[BlackElo "2674"]
[Round "11.11.44"]
[Result "1/2-1/2"]

1. e4 {[%clk 01:40:57] [%emt 00:00:01]} e5 {[%clk 01:40:57] [%emt 00:00:04]} 2.
Nf3 {[%clk 01:41:19] [%emt 00:00:07]} Nc6 {[%clk 01:41:25] [%emt 00:00:03]} 3.
Bc4 {[%clk 01:41:42] [%emt 00:00:08]} Nf6 {[%clk 01:41:46] [%emt 00:00:09]} 4.
d3 {[%clk 01:42:05] [%emt 00:00:06]} Bc5 {[%clk 01:42:02] [%emt 00:00:14]} 5.
O-O {[%clk 01:42:27] [%emt 00:00:07]} d6 {[%clk 01:42:28] [%emt 00:00:04]} 6. c3
{[%clk 01:42:52] [%emt 00:00:06]} a5 {[%clk 01:42:51] [%emt 00:00:07]} 7. Re1
{[%clk 01:43:07] [%emt 00:00:15]} Ba7 {[%clk 01:43:05] [%emt 00:00:16]} 8. h3
{[%clk 01:43:11] [%emt 00:00:26]} h6 {[%clk 01:40:11] [%emt 00:03:24]} 9. d4
{[%clk 01:40:10] [%emt 00:03:31]} O-O {[%clk 01:30:32] [%emt 00:10:09]} 10. Bb5
{[%clk 01:39:19] [%emt 00:01:22]} Bd7 {[%clk 01:29:58] [%emt 00:01:02]} 11. a4
{[%clk 01:31:00] [%emt 00:08:51]} Re8 {[%clk 01:30:17] [%emt 00:00:12]} 12. d5
{[%clk 01:30:16] [%emt 00:01:13]} Ne7 {[%clk 01:29:15] [%emt 00:01:32]} 13. Bxd7
{[%clk 01:27:43] [%emt 00:03:04]} Nxd7 {[%clk 01:16:05] [%emt 00:13:41]} 14. Be3
{[%clk 01:22:23] [%emt 00:05:48]} f5 {[%clk 01:04:33] [%emt 00:12:02]} 15. Bxa7
{[%clk 01:19:20] [%emt 00:03:34]} Rxa7 {[%clk 01:04:42] [%emt 00:00:20]} 16.
exf5 {[%clk 01:14:40] [%emt 00:05:11]} Nxf5 {[%clk 01:00:52] [%emt 00:04:20]}
17. Nbd2 {[%clk 01:13:50] [%emt 00:01:18]} Rf8 {[%clk 00:59:11] [%emt 00:02:12]}
18. Ne4 {[%clk 01:10:39] [%emt 00:03:40]} Qe8 {[%clk 00:58:40] [%emt 00:01:00]}
19. Qd3 {[%clk 01:07:19] [%emt 00:03:51]} Qf7 {[%clk 00:57:18] [%emt 00:01:52]}
20. Rad1 {[%clk 01:02:33] [%emt 00:05:17]} Ne7 {[%clk 00:55:59] [%emt 00:01:50]}
21. Qc4 {[%clk 00:44:42] [%emt 00:18:21]} b6 {[%clk 00:52:10] [%emt 00:04:19]}
22. b4 {[%clk 00:42:40] [%emt 00:02:31]} Ng6 {[%clk 00:44:40] [%emt 00:07:59]}
23. Re3 {[%clk 00:39:07] [%emt 00:04:03]} Nf6 {[%clk 00:31:10] [%emt 00:14:01]}
24. Nxf6+ {[%clk 00:38:03] [%emt 00:01:34]} Qxf6 {[%clk 00:31:20] [%emt
00:00:20]} 25. bxa5 {[%clk 00:37:56] [%emt 00:00:38]} Rxa5 {[%clk 00:30:37]
[%emt 00:01:13]} 26. Qxc7 {[%clk 00:36:09] [%emt 00:02:16]} Rxa4 {[%clk
00:30:45] [%emt 00:00:23]} 27. Qxb6 {[%clk 00:35:02] [%emt 00:01:37]} Nf4 {[%clk
00:25:50] [%emt 00:05:25]} 28. Qb5 {[%clk 00:28:57] [%emt 00:06:35]} Ra2 {[%clk
00:06:47] [%emt 00:19:33]} 29. Qb1 {[%clk 00:24:25] [%emt 00:05:02]} Re2 {[%clk
00:06:55] [%emt 00:00:22]} 30. Re1 {[%clk 00:22:38] [%emt 00:02:18]} Rxe3 {[%clk
00:05:10] [%emt 00:02:14]} 31. Rxe3 {[%clk 00:22:32] [%emt 00:00:36]} Nxd5
{[%clk 00:05:14] [%emt 00:00:26]} 32. Qa2 {[%clk 00:22:36] [%emt 00:00:25]} Qf7
{[%clk 00:05:36] [%emt 00:00:08]} 33. Rd3 {[%clk 00:22:48] [%emt 00:00:18]} Nf4
{[%clk 00:05:22] [%emt 00:00:45]} 34. Qxf7+ {[%clk 00:23:02] [%emt 00:00:17]}
Rxf7 {[%clk 00:05:49] [%emt 00:00:03]} 35. Rxd6 {[%clk 00:23:16] [%emt
00:00:16]} Nxh3+ {[%clk 00:06:12] [%emt 00:00:07]} 36. Kh2 {[%clk 00:22:03]
[%emt 00:01:42]} Nxf2 {[%clk 00:06:27] [%emt 00:00:16]} 37. Nxe5 {[%clk
00:22:14] [%emt 00:00:19]} 1/2-1/2

[Site "Europe Echecs"]

[Event "Grand Swiss "]
[Date "2025.09.15"]
[White "Matlakov, Maxim"]
[Black "Gelfand, Boris"]
[WhiteElo "2609"]
[BlackElo "2652"]
[Round "11.11.45"]
[Result "1/2-1/2"]

1. e4 {[%clk 01:40:53] [%emt 00:00:06]} c5 {[%clk 01:40:57] [%emt 00:00:03]} 2.
Nf3 {[%clk 01:41:13] [%emt 00:00:09]} Nc6 {[%clk 01:41:24] [%emt 00:00:03]} 3.
Bb5 {[%clk 01:41:08] [%emt 00:00:36]} e6 {[%clk 01:41:34] [%emt 00:00:20]} 4.
O-O {[%clk 01:40:38] [%emt 00:01:00]} Nge7 {[%clk 01:41:48] [%emt 00:00:16]} 5.
d4 {[%clk 01:40:03] [%emt 00:01:06]} cxd4 {[%clk 01:40:28] [%emt 00:01:50]} 6.
Nxd4 {[%clk 01:40:26] [%emt 00:00:07]} Qb6 {[%clk 01:40:36] [%emt 00:00:23]} 7.
Nxc6 {[%clk 01:40:00] [%emt 00:00:55]} bxc6 {[%clk 01:40:34] [%emt 00:00:31]} 8.
Be2 {[%clk 01:40:24] [%emt 00:00:06]} Ng6 {[%clk 01:40:52] [%emt 00:00:12]} 9.
c4 {[%clk 01:40:08] [%emt 00:00:46]} Be7 {[%clk 01:40:21] [%emt 00:01:01]} 10.
Nc3 {[%clk 01:39:53] [%emt 00:00:45]} O-O {[%clk 01:40:15] [%emt 00:00:37]} 11.
Rb1 {[%clk 01:38:55] [%emt 00:01:28]} c5 {[%clk 01:37:27] [%emt 00:03:18]} 12.
Be3 {[%clk 01:35:28] [%emt 00:03:58]} Qc7 {[%clk 01:35:11] [%emt 00:02:46]} 13.
f4 {[%clk 01:32:16] [%emt 00:03:41]} d6 {[%clk 01:34:06] [%emt 00:01:35]} 14.
Bd3 {[%clk 01:25:23] [%emt 00:07:23]} Bb7 {[%clk 01:31:24] [%emt 00:03:13]} 15.
Qd2 {[%clk 01:12:44] [%emt 00:13:08]} Rfd8 {[%clk 01:22:36] [%emt 00:09:17]} 16.
Rbd1 {[%clk 01:08:45] [%emt 00:04:30]} a6 {[%clk 01:18:46] [%emt 00:04:21]} 17.
b3 {[%clk 01:05:55] [%emt 00:03:19]} Bf6 {[%clk 01:10:10] [%emt 00:09:05]} 18.
f5 {[%clk 00:46:38] [%emt 00:19:48]} Ne5 {[%clk 01:09:11] [%emt 00:01:29]} 19.
Bg5 {[%clk 00:45:21] [%emt 00:01:47]} Qe7 {[%clk 01:06:10] [%emt 00:03:31]} 20.
Bxf6 {[%clk 00:45:04] [%emt 00:00:48]} Qxf6 {[%clk 01:05:21] [%emt 00:01:20]}
21. Bb1 {[%clk 00:40:35] [%emt 00:04:59]} Rd7 {[%clk 01:02:14] [%emt 00:03:36]}
22. Ne2 {[%clk 00:36:57] [%emt 00:04:08]} exf5 {[%clk 00:47:27] [%emt 00:15:17]}
23. Rxf5 {[%clk 00:35:04] [%emt 00:02:22]} Qe7 {[%clk 00:45:30] [%emt 00:02:27]}
24. h3 {[%clk 00:33:51] [%emt 00:01:44]} Re8 {[%clk 00:43:57] [%emt 00:02:03]}
25. Rf2 {[%clk 00:29:32] [%emt 00:04:48]} Qh4 {[%clk 00:39:09] [%emt 00:05:17]}
26. Qe3 {[%clk 00:28:09] [%emt 00:01:54]} g6 {[%clk 00:36:58] [%emt 00:02:41]}
27. Nc3 {[%clk 00:25:51] [%emt 00:02:47]} Kg7 {[%clk 00:34:50] [%emt 00:02:39]}
28. Rfd2 {[%clk 00:24:47] [%emt 00:01:34]} Re6 {[%clk 00:33:51] [%emt 00:01:28]}
29. Ne2 {[%clk 00:23:01] [%emt 00:02:16]} Rf6 {[%clk 00:30:54] [%emt 00:03:27]}
30. Nc3 {[%clk 00:18:25] [%emt 00:05:06]} g5 {[%clk 00:19:55] [%emt 00:11:29]}
31. Rf1 {[%clk 00:14:00] [%emt 00:04:55]} 1/2-1/2

[Site "Europe Echecs"]

[Event "Grand Swiss "]
[Date "2025.09.15"]
[White "Salem, A.R. Saleh"]
[Black "Xu, Xiangyu"]
[WhiteElo "2640"]
[BlackElo "2615"]
[Round "11.11.46"]
[Result "1/2-1/2"]

1. e4 {[%clk 01:40:59] [%emt 01:58:52]} e5 {[%clk 01:40:45] [%emt 00:00:15]} 2.
Nf3 {[%clk 01:41:22] [%emt 00:00:07]} Nf6 {[%clk 01:41:03] [%emt 00:00:12]} 3.
Nxe5 {[%clk 01:41:42] [%emt 00:00:10]} d6 {[%clk 01:41:27] [%emt 00:00:06]} 4.
Nf3 {[%clk 01:42:05] [%emt 00:00:07]} Nxe4 {[%clk 01:41:50] [%emt 00:00:07]} 5.
d4 {[%clk 01:42:29] [%emt 00:00:06]} d5 {[%clk 01:42:14] [%emt 00:00:06]} 6. Bd3
{[%clk 01:42:51] [%emt 00:00:08]} Be7 {[%clk 01:42:37] [%emt 00:00:07]} 7. O-O
{[%clk 01:43:12] [%emt 00:00:08]} Nc6 {[%clk 01:43:03] [%emt 00:00:05]} 8. c4
{[%clk 01:42:15] [%emt 00:01:27]} Nb4 {[%clk 01:43:21] [%emt 00:00:12]} 9. Be2
{[%clk 01:42:32] [%emt 00:00:13]} Bf5 {[%clk 01:43:43] [%emt 00:00:07]} 10. a3
{[%clk 01:42:03] [%emt 00:00:59]} Nc6 {[%clk 01:44:06] [%emt 00:00:06]} 11. Nc3
{[%clk 01:42:17] [%emt 00:00:16]} Nxc3 {[%clk 01:44:30] [%emt 00:00:07]} 12.
bxc3 {[%clk 01:42:43] [%emt 00:00:04]} O-O {[%clk 01:44:50] [%emt 00:00:08]} 13.
Re1 {[%clk 01:42:54] [%emt 00:00:19]} Re8 {[%clk 01:45:06] [%emt 00:00:14]} 14.
cxd5 {[%clk 01:43:04] [%emt 00:00:21]} Qxd5 {[%clk 01:45:29] [%emt 00:00:07]}
15. Bf4 {[%clk 01:43:29] [%emt 00:00:06]} Rac8 {[%clk 01:45:10] [%emt 00:00:49]}
16. h3 {[%clk 01:43:46] [%emt 00:00:13]} h6 {[%clk 01:44:47] [%emt 00:00:53]}
17. a4 {[%clk 01:39:32] [%emt 00:04:44]} Bd6 {[%clk 01:27:39] [%emt 00:17:37]}
18. Be3 {[%clk 01:37:43] [%emt 00:02:20]} Na5 {[%clk 01:27:44] [%emt 00:00:24]}
19. Nd2 {[%clk 01:37:14] [%emt 00:00:59]} Qe6 {[%clk 01:28:08] [%emt 00:00:07]}
20. Bf1 {[%clk 01:17:10] [%emt 00:20:34]} Qg6 {[%clk 01:27:26] [%emt 00:01:11]}
21. Qf3 {[%clk 01:13:18] [%emt 00:04:22]} Bd3 {[%clk 01:27:08] [%emt 00:00:48]}
22. Qg4 {[%clk 01:11:46] [%emt 00:02:02]} Bf5 {[%clk 01:27:32] [%emt 00:00:06]}
23. Qf3 {[%clk 01:11:21] [%emt 00:00:55]} Bd3 {[%clk 01:27:57] [%emt 00:00:05]}
24. Qg4 {[%clk 01:11:46] [%emt 00:00:05]} Bf5 {[%clk 01:28:23] [%emt 00:00:04]}
25. Qf3 {[%clk 01:11:37] [%emt 00:00:39]} Bd3 {[%emt 00:00:32]} 1/2-1/2

[Site "Europe Echecs"]